00521 2200193 4500001002100000005001500021035002000036007000300056008004100059020001800100082001000118084001600128100001800144245005100162260004500213300002400258650002400282990002100306INLIS00000000000039820220616080247 a0010-0622000058ta220616 0 ind  a9786021143339 a155.2 a155.2 HEV p0 aHevi Saviyani1 aPendidikan karakter bangsa 18 : tanggung jawab aJakarta :bMustika Pustaka Negeri,c2017 a74 :bilus ;c29 cm 4apendidikan karakter a318/smpn7/sby/18